How to Win and be Influential/ (Record no. 211430)

MARC details
000 -LEADER
fixed length control field 00620nam a2200193 4500
005 - DATE AND TIME OF LATEST TRANSACTION
control field 20250528125103.0
010 ## - LCCN (DPL NO)
LC control number ENG-144983
020 ## - INTERNATIONAL STANDARD BOOK NUMBER
International Standard Book Number 9789357049375
Terms of availability 500.00
035 ## - SYSTEM CONTROL NUMBER
System control number EN-128515
037 ## - SOURCE OF ACQUISITION
Source of stock number/acquisition DBAD
082 ## - DEWEY DECIMAL CLASSIFICATION NUMBER
Classification number 158.1
Edition number 1
100 ## - MAIN ENTRY--PERSONAL NAME
Personal name Yadav, Santosh Kumar
245 ## - TITLE STATEMENT
Title How to Win and be Influential/
Statement of responsibility, etc Santosh Kumar Yadav
250 ## - EDITION STATEMENT
Edition statement 1
260 ## - PUBLICATION, DISTRIBUTION, ETC. (IMPRINT)
Name of publisher, distributor, etc Bluerose Publishers
Date of publication, distribution, etc 2023
Place of publication, distribution, etc Uttar Pradesh
270 ## - ADDRESS
Electronic mail address www.bluerosepublishers.com
Address 3rd Floor, Plot No, 1, F Block, Sector 6, Noida,
City Uttar Pradesh
Postal code 201301
300 ## - PHYSICAL DESCRIPTION
Extent 118p.
Dimensions 23cm(hb)
942 ## - ADDED ENTRY ELEMENTS (KOHA)
Source of classification or shelving scheme Dewey Decimal Classification
Item type English Books
Classification part 158.1
Call number suffix YAD
Edition 1
Holdings
Withdrawn status Lost status Not for loan Collection code Home library Current library Date acquired Source of acquisition Cost, normal purchase price Full call number Barcode Copy number Cost, replacement price Koha item type
      Non-fiction New Police Line New Police Line 28/05/2025 Delivery of Books Act Division 500.00 158.1 YAD EN-128515 1 500.00 English Books

© Delhi Public Library
Hit Counter
free hit counter